000 00647nam a2200229Ia 4500
003 OSt
005 20220926014709.0
006 a|||||r|||| 00| 0
007 ta
008 220923b |||||||| |||| 00| 0 eng d
037 _cGeneral Book
040 _aRTL
_cRTL
_beng
041 _2eng
_aeng
082 _aX:87, L1
100 _aMoontz Herold
_9320986
245 0 _aAppraising managers as managers
260 _aNew York
_bMcGraw-Hill USA
_c1971
300 _axii, 239p. Bib p 184-86 ; Appendix p 188-234
_ccm.
650 _aExecutive
_9233834
942 _hX:87, L1
_cGB
_2CC
999 _c629631
_d629631